000 00429nam a22001577a 4500
003 SGT
020 _a8125502199
082 _a338,SRI
100 _aSRIVASTAVA,ALOK
245 _aMANAGERIAL ECONOMICS AND QUANTITATIVE TECHNIQUES
260 _aNEW DELHI
_bKITAB MAHAL
_c2001
300 _a874
650 _aPRODUCTION
653 _aCONSUMPTION, PRODUCTION, COST,REVENUE, PRICING, BUSINESS CYCLE,NATIONAL INCOME
942 _2ddc
_cFCM
999 _c8928
_d8928